| 000 | 00597nam a2200241Ia 4500 | ||
|---|---|---|---|
| 005 | 20250425162511.0 | ||
| 008 | 250425s9999 xx 000 0 und d | ||
| 020 | _a9780131757035 | ||
| 041 | _aeng | ||
| 082 | _a006.6 | ||
| 100 | _aWONG, YUE LING | ||
| 245 | 0 | _aDIGITAL ART ITS ART AND SCIENCE | |
| 250 | _a1ST ED. | ||
| 260 |
_aEstados Unidos _bPEARSON EDUCATION _c2009 |
||
| 260 | _aUPPER SADDLE RIVER | ||
| 300 | _a502 | ||
| 650 | _aARTE DIGITAL | ||
| 650 | _aARTE Y TECNOLOGIA | ||
| 650 | _aDISEÑO GRAFICO | ||
| 650 | _aTECNICAS DE PINTURA | ||
| 942 | _c01 | ||
| 010 | _a78459 | ||
| 999 |
_c230469 _d230469 |
||